Quiz date-la Révolution française. - Statistiques

Statistiques générales
  • Ce quiz a été pris 177 fois
    175 depuis la dernière actualisation
  • Le résultat moyen est 6 sur 16
Statistiques - réponses
Evénements Dates % Correct
Abolition des privilèges 4août 1789
81%
Fête de la Fédération 14 juillet 1790
77%
Exécution de Louis XVI 21 janvier 1793
76%
Déclaration des Droits de l'Homme 26 août 1789
74%
Serment du Jeu de Paume 20 juin 1789
73%
Ouverture des États généraux 5 mai 1789
67%
Prise des Tuilleries 10 août 1792
40%
Proclamation de la Iere République 21 septembre 1792
39%
Bataille de Valmy 20 septembre 1792
36%
Mort de Robespierre 28 juillet 1794
30%
Consulat 9 novembre 1799
10%
Assassinat de Marat 13 juillet 1793
8%
Écriture de la Marseillaise 25 avril 1792
7%
Manifeste de Brunswick 25 juillet 1792
7%
Mort de Charette 29 mars 1796
4%
Directoire 26 octobre 1795
2%
Aucun quiz correspondant
Distribution des résultats
% des personnes avec chaque résultat
Percentile par nombre de réponses
Votre historique - résultats
Vous n’avez pas pris ce quiz depuis la dernière actualisation